Liedtext - King of Prank - Leon Machère - Statistiken

Allgemein
  • Dieses Quiz wurde 32 mal gespielt
  • Das Durchschnittsergebnis liegt bei 113 aus 311
Antwortstatistiken
Textquiz % Korrekt
Prank
92%
ich
88%
Ich
88%
King
88%
of
88%
bin
79%
du
71%
Du
71%
der
67%
sie
67%
ein
54%
hab'
54%
hab
54%
den
50%
mich
46%
das
42%
die
42%
mein
42%
was
42%
Wer
42%
wer
42%
an
38%
Denn
38%
denn
38%
nenn'n
38%
wie
38%
hast
33%
Und
33%
in
29%
ja
29%
joa
29%
mach
29%
mir
29%
so
29%
immer
25%
ist
25%
mit
25%
sein
25%
Wenn
25%
Apo
21%
auf
21%
dass
21%
euer
21%
meine
21%
Schau
21%
schau
21%
war
21%
wirst
21%
bei
17%
bekannt
17%
dein
17%
ein'n
17%
für
17%
hier
17%
Hier
17%
kannst
17%
meinen
17%
'nem
17%
nem'
17%
nie
17%
siehst
17%
vor
17%
YouTube
17%
zu
17%
Zu
17%
Boss
13%
dem
13%
Insta
13%
mei'm
13%
noch
13%
oder
13%
seh'n
13%
seine
13%
wieder
13%
ziemlich
13%
Badboy
8%
beste
8%
gefickt
8%
Geht
8%
grinsen
8%
haha
8%
hätte
8%
hätten
8%
Hehe
8%
ihm
8%
Instagram
8%
Leute
8%
Nam'n
8%
pranke
8%
sicher
8%
verbrannt
8%
weißt
8%
werden
8%
wird
8%
Yeezys
8%
Alarm
4%
Album
4%
Arschklatscher
4%
back
4%
bestellst
4%
Blog
4%
Cops
4%
Deckung
4%
Drogenagent
4%
egal
4%
Eier
4%
entdeckt
4%
Erste
4%
Fuffi
4%
gelockt
4%
gern
4%
Gesetz
4%
Gib
4%
gleich
4%
glotzt
4%
Golddiggerprank
4%
Gosse
4%
großes
4%
hierzulande
4%
hinfahr'
4%
Hobby
4%
jetzt
4%
Jo
4%
Job
4%
Klicks
4%
Lehrer
4%
Locke
4%
lustigen
4%
Masterplan
4%
Menge
4%
Million'n
4%
Nachmacher
4%
nenn'n
4%
Okay
4%
Opfer
4%
perfekt
4%
Pranken
4%
pranken
4%
Pranks
4%
Schaut
4%
schlagt
4%
schreib
4%
Schulunterricht
4%
schwuppdiwupp
4%
Sensei
4%
soll
4%
sorge
4%
steht
4%
Talent
4%
todsicher
4%
Trend
4%
treu
4%
Unterhaltung
4%
Vater
4%
viele
4%
wusste
4%
Zukunft
4%
behauptet
0%
draußen
0%
dreht
0%
ganz
0%
Hits
0%
Komische
0%
paar
0%
Keine übereinstimmenden Quizze gefunden
Verteilung der Resultate
Anzahl Personen mit jedem Resultat
Perzentil nach korrekt beantworteten Fragen
Ihre Resultats-Entwicklung
Sie haben dieses Quiz noch nicht gespielt